ბათუმის შოთა რუსთაველის სახელმწიფო უნივერსიტეტის ბიბლიოთეკა

The world book of word power : Volume 1: Language. Volume 2 : Writing and speaking / (ბიბ.ჩანაწერი № 43832)

000 -LEADER
fixed length control field 01258nam a2200289Ia 4500
001 - CONTROL NUMBER
control field 10577
003 - CONTROL NUMBER IDENTIFIER
control field GE_BSU
005 - DATE AND TIME OF LATEST TRANSACTION
control field 20190604211012.0
008 - FIXED-LENGTH DATA ELEMENTS--GENERAL INFORMATION
fixed length control field 181216s1994|||| |||||||||||||| ||eng||
020 ## - INTERNATIONAL STANDARD BOOK NUMBER
International Standard Book Number 0716632381
040 ## - CATALOGING SOURCE
Transcribing agency GE_BSU
041 ## - LANGUAGE CODE
Language code of text/sound track or separate title eng
080 ## - UNIVERSAL DECIMAL CLASSIFICATION NUMBER
Universal Decimal Classification number 811.111 T-44
245 #4 - TITLE STATEMENT
Title The world book of word power : Volume 1: Language. Volume 2 : Writing and speaking /
Statement of responsibility, etc. Project editors:Joan A Grygel ; Chapter editors : India Cooper, Judite Gallagher, Mary Oates, Johnson, Joyce Senn.
260 ## - PUBLICATION, DISTRIBUTION, ETC.
Date of publication, distribution, etc. Chicago :
Place of publication, distribution, etc. A Scott Fetzer company,
Name of publisher, distributor, etc. 1994.
300 ## - PHYSICAL DESCRIPTION
Extent Volume1:194p; Volume 2:532p :.
Dimensions 24 cm.
653 ## - INDEX TERM--UNCONTROLLED
keyword The world book of word power
653 ## - INDEX TERM--UNCONTROLLED
keyword სიტყვის ძალაუფლების მსოფლიო წიგნი
653 ## - INDEX TERM--UNCONTROLLED
keyword ენა
700 ## - ADDED ENTRY--PERSONAL NAME
Personal name Joan, A Grygel
Relator term პროექტის რედაქტორი
9 (RLIN) 2088
700 ## - ADDED ENTRY--PERSONAL NAME
Personal name India, Cooper
Relator term თავის რედაქტორი
9 (RLIN) 2089
700 ## - ADDED ENTRY--PERSONAL NAME
Personal name Judite, Gallagher
Relator term თავის რედაქტორი
9 (RLIN) 2090
700 ## - ADDED ENTRY--PERSONAL NAME
Personal name Mary, Oates
Relator term თავის რედაქტორი
9 (RLIN) 2091
700 ## - ADDED ENTRY--PERSONAL NAME
Personal name Johnson,Joyce Senn
Relator term თავის რედაქტორი
9 (RLIN) 2092
942 ## - ADDED ENTRY ELEMENTS (KOHA)
Koha item type წიგნი
Source of classification or shelving scheme
ეგზემპლარები
Withdrawn status Lost status Source of classification or shelving scheme Damaged status Not for loan Permanent Location Current Location Shelving location Date acquired Cost, normal purchase price Inventory number Full call number Barcode Date last seen Copy number Price effective from Koha item type Public note
          ბათუმის შოთა რუსთაველის სახელმწიფო უნივერსიტეტის მთავარი ბიბლიოთეკა ბათუმის შოთა რუსთაველის სახელმწიფო უნივერსიტეტის მთავარი ბიბლიოთეკა წიგნსაცავი 2018-12-17 18.00 volume I 811.111 T-44 10428 2018-12-17 10428 2018-12-17 წიგნი 18 gel.
          ბათუმის შოთა რუსთაველის სახელმწიფო უნივერსიტეტის მთავარი ბიბლიოთეკა ბათუმის შოთა რუსთაველის სახელმწიფო უნივერსიტეტის მთავარი ბიბლიოთეკა წიგნსაცავი 2018-12-17 18.00 volume II 811.111 T-44 10429 2018-12-17 10429 2018-12-17 წიგნი 18 gel.